| 000 | 00610nam a2200229Ia 4500 | ||
|---|---|---|---|
| 003 | OSt | ||
| 005 | 20221007081423.0 | ||
| 006 | a|||||r|||| 00| 0 | ||
| 007 | ta | ||
| 008 | 221006b |||||||| |||| 00| 0 eng d | ||
| 024 | _a17,281 | ||
| 037 | _cTextual | ||
| 040 |
_aFLL _cFLL _beng |
||
| 041 |
_2eng _aeng |
||
| 082 | _aXM55:828, K5 | ||
| 100 |
_aFeuer M. Au. _9697203 |
||
| 245 | 0 | _aHandbook for corporate directors | |
| 260 |
_aNew York _bPrentice-hall, inc. U.S.A. _c1965 |
||
| 300 |
_a208p _ccm. |
||
| 942 |
_hXM55:828, K5 _cTEXL _2CC |
||
| 999 |
_c1163001 _d1163001 |
||